000 01088nam a22003377a 4500
003 CHAP
005 20220329140825.0
008 971013s1979 r 00010 d
010 _a58181
011 _a59153
035 _a63310
040 _cCHAP
082 _a020.711
_bS8
100 0 0 _aStone, Elizabeth.
_9109885
245 _aModel continuing education recognition system in library and information science
260 _aNew York :
_bSaur,
_c1979
300 _a313 p.
590 _aBATCH-UPD
_b10
_c20130110
_lUCH01
_h0324
590 _aBATCH-UPD
_b10
_c20130110
_lUCH01
_h1821
590 _aBATCH-UPD
_b10
_c20130409
_lUCH01
_h2357
590 _aBATCH-UPD
_b10
_c20130410
_lUCH01
_h1604
590 _aBATCH-UPD
_b10
_c20130914
_lUCH01
_h0625
590 _aCONVERSION
_b10
_c20130109
_lUCH01
_h1331
650 1 4 _aBiblioteconomía
_xEstudio y enseñanza.
_912577
650 1 4 _aDocumentación.
_933172
700 0 _aHarig, Katherine J.
_952677
700 0 _aSheahan, Eileen.
_9105568
901 _aBK
942 _cLIBRO
949 _a020.711 S8
_bBC
_cLIBRO
_d-135970
_eLIBRO
_h56035
_i63310
_si
999 _c58181
_d58181